| 000 | 00811nam a2200265Ia 4500 | ||
|---|---|---|---|
| 005 | 20220316235621.0 | ||
| 008 | 121119s2003 ck a gr 000 j spa | ||
| 020 | _a9583011371 | ||
| 041 | 0 | _aspa | |
| 100 | 1 | _aSamper, Verónica | |
| 245 | 1 | 3 |
_aEl gato tuerto y otras historias _cVerónica Samper |
| 250 | _aPrimera edición | ||
| 300 |
_a84 páginas _bilustraciones _c21 cm |
||
| 490 | 0 | _aCorcel | |
| 650 | 1 | 4 |
_a Cuentos infantiles colombianos _2LEMB |
| 650 | 1 | 4 |
_aLiteratura infantil colombiana _2LEMB |
| 650 | 1 | 4 |
_aAnimales en la literatura _2LEMB |
| 942 |
_2loc _cBKINF |
||
| 264 |
_aBogotá _bPanamericana _c2003 |
||
| 336 |
_atexto _btxt _2rdacontent |
||
| 337 |
_asin mediación _bn _2rdamedia |
||
| 338 |
_avolumen _bnc _2rdacarrier |
||
| 040 |
_aCO-BoRNBP _bspa _erda _cCO-BoRNBP |
||
| 084 | _aC SAM3 | ||
| 999 |
_c1557 _d1557 |
||